Library Banner

Civil law cases [CLC, 2019, vol. XLI] / (Record no. 117351)

MARC details
000 -LEADER
fixed length control field 00379 a2200133 4500
005 - DATE AND TIME OF LATEST TRANSACTION
control field 20220119123852.0
008 - FIXED-LENGTH DATA ELEMENTS--GENERAL INFORMATION
fixed length control field 200313b ||||| |||| 00| 0 eng d
040 ## - CATALOGING SOURCE
Transcribing agency PK-LaUMT
082 ## - DEWEY DECIMAL CLASSIFICATION NUMBER
Classification number 348.5491026
Item number CIV-
245 ## - TITLE STATEMENT
Title Civil law cases [CLC, 2019, vol. XLI] /
Statement of responsibility, etc edited by Muhammad Anwar Khokhar
260 ## - PUBLICATION, DISTRIBUTION, ETC. (IMPRINT)
Place of publication, distribution, etc Lahore:
Name of publisher, distributor, etc PLD Publishers,
Date of publication, distribution, etc 2019
300 ## - PHYSICAL DESCRIPTION
Extent 3 vol.
942 ## - ADDED ENTRY ELEMENTS (KOHA)
Koha item type Law and Policy Journals
Holdings
Withdrawn status Lost status Damaged status Home library Current library Date acquired Full call number Barcode Date last seen Copy number Price effective from Koha item type
      UMT Main Campus UMT Main Campus 2020-03-13 348.5491026 CIV- 133622 2020-03-13 Pt-1 2020-03-13 Books
      UMT Main Campus UMT Main Campus 2020-03-13 348.5491026 CIV- 133623 2020-03-13 Pt-2 2020-03-13 Books
      UMT Main Campus UMT Main Campus 2020-03-13 348.5491026 CIV- 133624 2020-03-13 Pt-3 2020-03-13 Books